Statistieken voor Parate Kennis Aardrijkskunde (1)

Klik hier om de quiz te nemen!

Algemene statistieken

  • Deze quiz is 474 keer genomen
  • De gemiddelde score is 13 van 14

Antwoordstatistieken

LandHoofdstad% Correct
NederlandAmsterdam
100%
BelgiëBrussel
100%
FrankrijkParijs
99%
DuitslandBerlijn
98%
Verenigd KoninkrijkLonden
97%
ItaliëRome
97%
SpanjeMadrid
96%
LuxemburgLuxemburg
95%
GriekenlandAthene
92%
PortugalLissabon
90%
OostenrijkWenen
87%
DenemarkenKopenhagen
83%
NoorwegenOslo
83%
ZwitserlandBern
79%

Scoreverdeling

Percentiel versus Aantal Correcte Antwoorden

Procent van Mensen met Elke Score

Uw Scoregeschiedenis

U heeft deze quiz nog niet genomen